Statistics for Highest Grossing Indian Films

Click here to take the quiz!

General Stats

  • This quiz has been taken 14 times
  • The average score is 8 of 20

Answer Stats

HintAnswer% Correct
₹ 727.66 crorePathaan
91%
₹ 2,024- 2,200 croreDangal
82%
₹ 600- 650 croreBaahubali: The Beginning
55%
₹ 969.06 croreBajrangi Bhaijaan
45%
₹ 585 crorePadmaavat
45%
₹ 854 crorePK
45%
₹ 1,200- 1,258 croreRRR
45%
₹ 475.50 croreWar
45%
₹ 625- 800 crore2.0
36%
₹ 460 crore3 Idiots
36%
₹ 556.74 croreDhoom 3
36%
₹ 977 croreSecret Superstar
36%
₹ 456.89 croreAndhadhun
27%
₹ 1,810 croreBaahubali 2: The Conclusion
27%
₹ 1,200- 1,250 croreK.G.F.: Chapter 2
27%
₹ 623.33Sultan
27%
₹ 565 croreTiger Zinda Hai
27%
₹ 586.85 croreSanju
18%
₹ 432 crorePrem Ratan Dhan Payo
9%
₹ 495.50-500 crorePonniyin Selvan: 1
0%

Score Distribution

Percentile by Number Answered

Percent of People with Each Score

Your Score History

You have not taken this quiz